La religiosa ilustrada con instrucciones prácticas para renovar su espíritu en ocho días de exercicios.

Detalles Bibliográficos
Formato: Libro
Publicado: México 1750
Materias:
Colección:Banco de datos
Acervo:Biblioteca del Convento de Santa Mónica de la Ciudad de Puebla. Puebla
Tema general:Ascética
Notas:Buena. Ex libris manuscrito de Ma. Catarina de la Ascensión y otro de Bárbara Teresa de San José. No. de Reg. 189985. C1, 38.
LEADER 00767nam a22001810004500
035 |a 52509 
036 |a 2277 
245 1 0 |a La religiosa ilustrada con instrucciones prácticas para renovar su espíritu en ocho días de exercicios. 
260 |a México  |b imp. Viuda de José Bernardo de Hogal  |c 1750 
500 |a Buena. Ex libris manuscrito de Ma. Catarina de la Ascensión y otro de Bárbara Teresa de San José. No. de Reg. 189985. C1, 38. 
650 1 0 |a Ascética 
949 |a CRP-SM 
959 |a Ex convento de Santa Mónica. Puebla, Puebla  |b CCC5 
960 |a Convento de Santa Mónica de la ciudad de Puebla  |b DD88 
961 |a Franciscana  |b OF 
942 |c CRP-SM 
943 |g Biblioteca del Convento de Santa Mónica de la Ciudad de Puebla. Puebla 
999 |c 962847  |d 962847